00396nam a2200121Ia 450000500170000000800410001702000180005808200200007610000630009624500700015926000330022930000120026220250319142619.0231217s9999 xx 000 0 und d a9788126516117 a005.1 BUS.1;19 aBuschmann, Frank. Meunier, Regine. Rohnert, Hans [et al..] 0aPattern oriented software architecture : a system of patterns V.1 c1996bWiley IndiaaNew Delhi axvi+467